[Event "Pyrgos Spilios Dimitris op 1st"]
[Site "Pyrgos"]
[Date "2006.08.18"]
[Round "1"]
[White "Tsakonas, Sotirios"]
[Black "Filopoulos, Leonidas"]
[Result "1-0"]
[WhiteElo "1810"]
[BlackElo "1005"]
[PlyCount "39"]
[EventDate "2006.08.18"]
[EventType "swiss"]
[EventRounds "6"]
[EventCountry "GRE"]
[SourceTitle "EXT 2024"]
[Source "ChessBase"]
[SourceDate "2023.10.10"]
[SourceVersion "1"]
[SourceVersionDate "2023.10.10"]
[SourceQuality "1"]

1. d4 d5 2. c4 dxc4 3. Nf3 Nf6 4. Nc3 Nc6 5. e4 Bg4 6. d5 Na5 7. Be2 Bh5 8. 0-0 c6 9. Bg5 cxd5 10. Bxf6 exf6 11. Qa4+ Ke7 12. Nxd5+ Kd6 13. Rfd1 Qc8 14. Nb6+ Ke7 15. Rd7+ Ke6 16. Nd4+ Ke5 17. Rd5+ Kxe4 18. Qc2+ Kf4 19. Qd2+ Ke4 20. Qe3# 1-0